[Event "Pattaya op"]
[Site "Pattaya"]
[Date "2019.10.25"]
[Round "4"]
[White "Ferrie, Peter"]
[Black "Wong, Zi Yue"]
[Result "0-1"]
[WhiteElo "1346"]
[BlackElo "1673"]
[PlyCount "78"]
[EventDate "2019.10.23"]
[EventType "swiss"]
[EventRounds "9"]
[EventCountry "THA"]
[SourceTitle "CBM 195 Extra"]
[Source "ChessBase"]
[SourceDate "2020.05.31"]
[SourceVersion "1"]
[SourceVersionDate "2020.05.31"]
[SourceQuality "1"]

1. d4 Nf6 2. Nf3 e6 3. e3 b6 4. b3 Bb4+ 5. c3 Be7 6. Ba3 Bb7 7. Bxe7 Qxe7 8. Qc2 c5 9. Nbd2 Nc6 10. a3 Rc8 11. Qb2 0-0 12. Bd3 d6 13. 0-0 Nd7 14. e4 f5 15. Rfe1 cxd4 16. cxd4 f4 17. Rac1 Qf6 18. Nc4 e5 19. d5 Ne7 20. a4 Qg6 21. Bb1 Ba6 22. Qe2 Qh6 23. Bd3 Nc5 24. b4 Nxa4 25. Qd2 g5 26. Nxd6 Rxc1 27. Rxc1 Bxd3 28. Qxd3 Qxd6 29. Nxg5 Rf6 30. Qb5 h6 31. Ne6 Nc3 32. Rxc3 Kh7 33. Rc4 Rxe6 34. h3 Rg6 35. Qe8 Rg7 36. Qa8 Qg6 37. Kf1 Qxg2+ 38. Ke1 Qf3 39. Kd2 Qxf2+ 0-1

[Event "Pattaya op"]
[Site "Pattaya"]
[Date "2019.10.24"]
[Round "2"]
[White "Ferrie, Peter"]
[Black "Culasing, Michael"]
[Result "0-1"]
[WhiteElo "1346"]
[BlackElo "1742"]
[PlyCount "88"]
[EventDate "2019.10.23"]
[EventType "swiss"]
[EventRounds "9"]
[EventCountry "THA"]
[SourceTitle "CBM 195 Extra"]
[Source "ChessBase"]
[SourceDate "2020.05.31"]
[SourceVersion "1"]
[SourceVersionDate "2020.05.31"]
[SourceQuality "1"]

1. e4 c5 2. Nc3 Nc6 3. f4 g6 4. Nf3 Bg7 5. Bc4 d6 6. 0-0 e6 7. a3 Nge7 8. d3 0-0 9. Qe1 d5 10. Ba2 Rb8 11. Qh4 b5 12. f5 exf5 13. Bxd5 Nxd5 14. Nxd5 Qxh4 15. Nxh4 fxe4 16. dxe4 Nd4 17. c3 Nb3 18. Rb1 Be6 19. Bf4 Rb7 20. Rbd1 Rd7 21. Nf3 f6 22. Nc7 Rxd1 23. Rxd1 Bc4 24. Rd7 a5 25. Nd2 Nxd2 26. Bxd2 Rf7 27. Rd8+ Rf8 28. Rd7 f5 29. e5 Bxe5 30. Bh6 Rc8 31. Nd5 Bxd5 32. Rxd5 Bg7 33. Be3 Bf8 34. Kf2 h6 35. g3 Kf7 36. Rd7+ Ke6 37. Rh7 h5 38. h3 b4 39. Rh8 bxa3 40. bxa3 Rb8 41. Bxc5 Rb2+ 42. Kf3 Bxc5 43. Rc8 Bxa3 44. Rc6+ Bd6 0-1

[Event "Pattaya op"]
[Site "Pattaya"]
[Date "2019.10.24"]
[Round "3"]
[White "Tan, Yong Xi Rey Matthew"]
[Black "Ferrie, Peter"]
[Result "0-1"]
[WhiteElo "1541"]
[BlackElo "1346"]
[PlyCount "40"]
[EventDate "2019.10.23"]
[EventType "swiss"]
[EventRounds "9"]
[EventCountry "THA"]
[SourceTitle "CBM 195 Extra"]
[Source "ChessBase"]
[SourceDate "2020.05.31"]
[SourceVersion "1"]
[SourceVersionDate "2020.05.31"]
[SourceQuality "1"]

1. d4 f5 2. Nf3 Nf6 3. Bf4 d5 4. e3 e6 5. c4 c6 6. Nc3 Be7 7. Be2 0-0 8. 0-0 Nbd7 9. cxd5 exd5 10. a3 Ne4 11. Rc1 g5 12. Nxe4 fxe4 13. Bg3 exf3 14. Bxf3 Nf6 15. Be5 Bd6 16. Bxf6 Qxf6 17. Qb3 g4 18. Be2 Bxh2+ 19. Kxh2 Qh4+ 20. Kg1 Rf6 0-1

[Event "GBR-ch 50+ 106th"]
[Site "Torquay"]
[Date "2019.07.30"]
[Round "2"]
[White "Ferrie, Peter"]
[Black "Gostelow, David W"]
[Result "0-1"]
[WhiteElo "1346"]
[BlackElo "1906"]
[PlyCount "62"]
[EventDate "2019.07.29"]
[EventType "swiss"]
[EventRounds "7"]
[EventCountry "ENG"]
[SourceTitle "EXT 2020"]
[Source "ChessBase"]
[SourceDate "2019.10.17"]
[SourceVersion "1"]
[SourceVersionDate "2019.10.17"]
[SourceQuality "1"]

1. d4 d5 2. Nf3 Nf6 3. e3 Bf5 4. c4 e6 5. Nc3 c6 6. Qb3 Qb6 7. c5 Qc7 8. h3 h6 9. Bd2 Nbd7 10. Nh4 Bh7 11. g4 Rb8 12. Qd1 b6 13. b4 bxc5 14. bxc5 Be7 15. Nf3 0-0 16. g5 hxg5 17. Nxg5 Bf5 18. e4 Nxe4 19. Ncxe4 dxe4 20. Bg2 Nf6 21. Qc1 Rbd8 22. Bc3 Nd5 23. Nxe4 Nf4 24. Qd2 Nxg2+ 25. Kf1 Bxe4 26. Rg1 Qf4 27. Qxf4 Nxf4 28. d5 Bd3+ 29. Ke1 Bg6 30. d6 Bxd6 31. cxd6 Rxd6 0-1

[Event "Vientiane op"]
[Site "Vientiane"]
[Date "2018.12.19"]
[Round "3"]
[White "Goh, Jie Yi"]
[Black "Ferrie, Peter"]
[Result "1-0"]
[WhiteElo "1691"]
[BlackElo "1357"]
[PlyCount "49"]
[EventDate "2018.12.18"]
[EventType "swiss"]
[EventRounds "9"]
[EventCountry "LAO"]
[SourceTitle "CBM 187 Extra"]
[Source "ChessBase"]
[SourceDate "2018.11.04"]
[SourceVersion "1"]
[SourceVersionDate "2018.11.04"]
[SourceQuality "1"]

1. d4 Nf6 2. Nf3 d6 3. Nc3 g6 4. e4 Bg7 5. Be3 0-0 6. h3 Re8 7. Bd3 e5 8. dxe5 dxe5 9. 0-0 c6 10. Qd2 Nbd7 11. Rad1 Qc7 12. a4 Nf8 13. Bh6 Ne6 14. Bxg7 Kxg7 15. Qe3 Nh5 16. Rd2 Nef4 17. Bc4 Nxh3+ 18. gxh3 Bxh3 19. Rfd1 Qc8 20. Nh2 Nf4 21. Ne2 Nxe2+ 22. Qxe2 Qc7 23. Qf3 Qc8 24. Qxf7+ Kh8 25. Qf6# 1-0

[Event "BCF-ch Weekend Under 1825 105th"]
[Site "Hull"]
[Date "2018.07.29"]
[Round "4.21"]
[White "O'Gorman, Brendan"]
[Black "Ferrie, Peter"]
[Result "1-0"]
[WhiteElo "1734"]
[BlackElo "1515"]
[PlyCount "49"]
[EventDate "2018.07.27"]
[EventType "swiss"]
[EventRounds "5"]
[EventCountry "ENG"]
[SourceTitle "EXT 2021"]
[Source "ChessBase"]
[SourceDate "2020.10.23"]
[SourceVersion "1"]
[SourceVersionDate "2020.10.23"]
[SourceQuality "1"]

1. Nf3 f5 2. d3 Nf6 3. e4 e6 4. e5 Nd5 5. c4 Ne7 6. d4 g6 7. Nc3 Bg7 8. Be2 0-0 9. Bf4 a6 10. Qd2 d6 11. h4 dxe5 12. Bxe5 Nbc6 13. Bxg7 Kxg7 14. h5 Rf6 15. 0-0-0 Qh8 16. Nh4 h6 17. hxg6 Ng8 18. d5 Nce7 19. dxe6 Bxe6 20. Nd5 Rd8 21. Qc3 Bxd5 22. cxd5 Nxd5 23. Qe5 c6 24. Nxf5+ Kf8 25. g7+ 1-0